Archicofradía de la guardia de honor del Sagrado Corazón de Jesús erigida por Ntro. Smo. Padre Léon XIII en la iglesia de Santa Brigida de México

Detalles Bibliográficos
Formato: Libro
Lenguaje:Spanish
Publicado: México 1913
Edición:21a edición
Materias:
Colección:Banco de datos
Acervo:Biblioteca de la Congregación del Oratorio de San Felipe Neri de México. Iglesia La Profesa
Descripción Física:128 p. il. 13 cm.
Tema general:Ascética
Notas:Incluye frontispicio. Encuadernación en keratol. Sello en tinta del Oratorio de San Felipe Neri de México. Biblioteca La Profesa, D.F.
LEADER 00753nam a22001690004500
035 |a 264 
041 0 |a spa 
245 1 0 |a Archicofradía de la guardia de honor del Sagrado Corazón de Jesús erigida por Ntro. Smo. Padre Léon XIII en la iglesia de Santa Brigida de México 
250 |a 21a edición 
260 |a México  |b Antigua imprenta de Murguía  |c 1913 
300 |a 128 p.  |b il.  |c 13 cm. 
500 |a Incluye frontispicio. Encuadernación en keratol. Sello en tinta del Oratorio de San Felipe Neri de México. Biblioteca La Profesa, D.F. 
650 1 0 |a Ascética 
949 |a Iglesia La Profesa, Biblioteca 361 
942 |c PROFESA 
943 |g Biblioteca de la Congregación del Oratorio de San Felipe Neri de México. Iglesia La Profesa 
999 |c 947075  |d 947075